01166nam a2200313 i 4500003000900000005001700009007000300026008004100029040003000070082001300100100004000113245007800153264003900231300004100270336002700311337003300338338002800371490003300399590002700432650002900459650002800488650003100516650003000547710008000577910001400657942001400671952015000685999001700835DO-SdBNP20240412074311.0ta110117s198? dr a 000 j spa d aDO-SdBNPbspacBNPHUerda bN322222 aNavarro Castellanos, Alfonso97377313aDescripción del Sine :báreas y etapas /cAlfonso Navarro Castellanos 1aSanto Domingo :bCEVREST,c[198-]. a57 páginasbilustraciones c21 cm. 2rdacontentatextobtxt 2rdamediaasin mediaciónbn 2rdacarrieravolumenbnc1 aPublicaciones del CEVRESTv2 aInventariado, 2023/ YL 0aCuentos dominicanos9176 0aPoesía dominicana966 0aLiteratura dominicana.967 4aLiteratura infantil92053 aCentro de la Nueva Evangelización "Santísima Trinidad" (CEVREST)984651 aYLockward 2ddccLBS1 00102ddc51708PDaBNPHUbBNPHUcCTd2021-12-16eColegio Nuestra Señora de Lourdesl0oBNPHU PD N322p2023-7906r2023-11-21w2023-11-21yLBS1 c55534d55534